Leading Running Backs for Each NFL Team - Statistics

General Stats
  • This quiz has been taken 300 times
  • The average score is 18 of 32
Answer Stats
Team Answer % Correct
Detroit Lions Barry Sanders
93%
Dallas Cowboys Emmitt Smith
91%
Cleveland Browns Jim Brown
85%
Minnesota Vikings Adrian Peterson
79%
Chicago Bears Walter Payton
79%
San Diego Chargers LaDainian Tomlinson
77%
San Francisco 49ers Frank Gore
68%
Philadelphia Eagles LeSean McCoy
66%
Pittsburgh Steelers Franco Harris
63%
Denver Broncos Terell Davis
63%
Kansas City Chiefs Jamaal Charles
62%
Indianapolis Colts Edgerrin James
60%
Oakland Raiders Marcus Allen
60%
New York Jets Curtis Martin
59%
Seattle Seahawks Shaun Alexander
59%
Los Angeles Rams Steven Jackson
59%
Houston Texans Arian Foster
58%
Carolina Panthers DeAngelo Williams
58%
Buffalo Bills Thurman Thomas
58%
Green Bay Packers Ahman Green
57%
Baltimore Ravens Jamal Lewis
56%
New York Giants Tiki Barber
55%
Jacksonville Jaguars Fred Taylor
49%
Tennessee Titans Eddie George
45%
Cincinnati Bengals Corey Dillon
43%
Washington Redskins John Riggins
42%
Miami Dolphins Larry Csonka
40%
Arizona Cardinals Ottis Anderson
32%
New Orleans Saints Deuce McAllister
19%
Atlanta Falcons Gerald Riggs
12%
New England Patriots Sam Cunningham
10%
Tampa Bay Buccaneers James Wilder
9%
No matching quizzes found
Score Distribution
Percent of People with Each Score
Percentile by Number Answered
Your Score History
You have not taken this quiz